书目信息 |
| 题名: |
小住宅、别墅设计图集
|
|
| 作者: | 乐嘉龙 编绘 | |
| 分册: | ||
| 出版信息: | 北京 机械工业出版社 2000 |
|
| 页数: | 171页 | |
| 开本: | 29cm | |
| 丛书名: | ||
| 单 册: | ||
| 中图分类: | TU241.1-64 | |
| 科图分类: | ||
| 主题词: | 民用建筑--建筑设计 | |
| 电子资源: | ||
| ISBN: | 7-111-02127-4 | |
| 000 | 00584nam0 2200193 45 | |
| 001 | 0263333499 | |
| 005 | 2002032917353349 | |
| 010 | @a7-111-02127-4@dRMB 33.00 | |
| 100 | @a20020329d2000 km y0chiy0120 ea | |
| 101 | 0 | @achi |
| 102 | @aCN@b110000 | |
| 200 | 1 | @a小住宅、别墅设计图集@AXiao Zhu Zhai、Bie Shu She Ji Tu Ji@f乐嘉龙编绘@FYue Jia Long Bian Hui |
| 210 | @a北京@c机械工业出版社@d2000 | |
| 215 | @a171页@d29cm | |
| 606 | 0 | @a民用建筑@x建筑设计 |
| 690 | @aTU241.1-64@v3 | |
| 701 | 0 | @a乐嘉龙@AYue Jia Long@4编绘 |
| 801 | 0 | @aCN@bPFT@c20020329 |
| 905 | @a安徽大学@dTU241.1-64@eL074 | |
| 小住宅、别墅设计图集/乐嘉龙编绘.-北京:机械工业出版社,2000 |
| 171页;29cm |
| ISBN 7-111-02127-4:RMB 33.00 |
| ● |
| 相关链接 |
|
|
|
正题名:小住宅、别墅设计图集
索取号:TU241.1-64/L074
 
预约/预借
| 序号 | 登录号 | 条形码 | 馆藏地/架位号 | 状态 | 备注 |
| 1 | 352774 | 203527745 | 建筑库101/101建筑库 64排7列3层/ [索取号:TU241.1-64/L074] | 在馆 | |
| 2 | 352775 | 203527754 | 建筑库101/101建筑库 64排7列3层/ [索取号:TU241.1-64/L074] |
已借出,限还日期为2024.03.24 借出人:胡彩勤 |
|
| 3 | 352776 | 203527763 | 建筑库101/101建筑库 64排7列3层/ [索取号:TU241.1-64/L074] | 在馆 |